000
00231nam a22000857a 4500
008
170617b xxu||||| |||| 00| 0 eng d
100
_9
3494
_a
Pasricha. J. S
245
_a
Skin and Hair Health & Disease
260
_a
New Delhi
_b
N. B. T
_c
2003
999
_c
6877
_d
6877